[Event "Titled Tue 10th Jun Late"]
[Site "chess.com INT"]
[Date "2025.06.10"]
[Round "8"]
[White "Hernandez Bermudez, Ulises Eduardo"]
[Black "Blackburn, Jonathan L B"]
[Result "1-0"]
[BlackTitle "FM"]
[WhiteElo "2042"]
[BlackElo "2207"]
[WhiteFideId "3902510"]
[BlackFideId "1801090"]
[EventDate "2025.06.10"]

1. e4 c5 2. c3 d5 3. exd5 Qxd5 4. d4 Nf6 5. Nf3 Bg4 6. Be2 cxd4 7. cxd4 Nc6 8.
Nc3 Qd8 9. d5 Nb8 10. Bf4 g6 11. Be5 Bg7 12. Bxf6 Bxf6 13. Qa4+ Bd7 14. Qb4 b6
15. O-O O-O 16. Rfd1 a5 17. Qe4 Na6 18. Bxa6 Rxa6 19. d6 Bf5 20. Qb7 Bc8 21. Qc6
Bd7 22. dxe7 Bxc6 23. exd8=Q Rxd8 24. Rxd8+ Bxd8 25. Ne5 Be8 26. Rd1 Bf6 27. Nc4
b5 28. Nd6 Bxc3 29. bxc3 Bc6 30. Rb1 Rb6 31. c4 b4 32. c5 Rb8 33. f3 a4 34. Kf2
Bd5 35. a3 b3 36. Rb2 Kf8 37. Ke3 Ke7 38. Kd4 Bc6 39. Kc4 f5 40. Re2+ Kf6 41.
Kc3 Bd5 42. Re8 Rxe8 43. Nxe8+ Ke7 44. Nc7 Bc4 45. Kxc4 b2 46. Nd5+ Kd7 47. Nc3 1-0

[Event "Titled Tue 10th Jun Late"]
[Site "chess.com INT"]
[Date "2025.06.10"]
[Round "8"]
[White "Guerra Mendez, Jose Angel"]
[Black "Timmermans, Mark"]
[Result "1-0"]
[WhiteTitle "GM"]
[BlackTitle "IM"]
[WhiteElo "2478"]
[BlackElo "2405"]
[WhiteFideId "3508129"]
[BlackFideId "1026399"]
[EventDate "2025.06.10"]

1. e4 e5 2. Nf3 Nc6 3. Bc4 Nf6 4. d3 Be7 5. O-O O-O 6. Nc3 d6 7. a4 Kh8 8. h3
Ng8 9. d4 f5 10. dxe5 fxe4 11. exd6 exf3 12. dxe7 Qxe7 13. Re1 Qh4 14. Re4 Qh5
15. Bxg8 Qg6 16. g4 Kxg8 17. Qd5+ Kh8 18. Qg5 Bf5 19. gxf5 Qd6 20. Rg4 Qd7 21.
Rf4 Nd4 22. Be3 Ne2+ 23. Nxe2 fxe2 24. Rd4 Qc6 25. Re1 Qxc2 26. Qg4 Rxf5 27.
Rxe2 Qb1+ 28. Kh2 Rf7 29. Red2 Raf8 30. Rd8 Kg8 31. Rxf8+ Rxf8 32. Qe6+ Kh8 33.
Qe7 Rg8 34. Rd8 h6 35. Bd4 Qg6 36. Qxc7 Qg5 37. Rxg8+ Kxg8 38. Qxg7+ Qxg7 39.
Bxg7 Kxg7 40. Kg3 Kf6 41. f4 Kf5 42. Kf3 a5 43. b3 h5 44. Ke3 h4 45. Kf3 Kf6 46.
Kg4 Ke6 47. Kxh4 Kf5 48. Kg3 Ke4 49. Kg4 b5 50. axb5 1-0

[Event "Titled Tue 10th Jun Late"]
[Site "chess.com INT"]
[Date "2025.06.10"]
[Round "8"]
[White "Gomez Gonzales, Fabiana"]
[Black "Mesquita, Eduardo Barbosa"]
[Result "0-1"]
[WhiteTitle "WCM"]
[WhiteElo "1796"]
[BlackElo "2014"]
[WhiteFideId "3860191"]
[BlackFideId "22757163"]
[EventDate "2025.06.10"]

1. e4 c5 2. Nf3 d6 3. d4 cxd4 4. Nxd4 Nf6 5. f3 e6 6. Be3 d5 7. Bb5+ Bd7 8. e5
Bxb5 9. Nxb5 Nfd7 10. Bf4 a6 11. N5c3 Nc6 12. Qe2 Bc5 13. Nd2 O-O 14. O-O-O Bb4
15. Ncb1 Qa5 16. a3 Rac8 17. Nb3 Qa4 18. axb4 Nxb4 19. Nc3 Rxc3 20. bxc3 Na2+
21. Kb2 Nb6 22. Rd4 Nc4+ 23. Rxc4 dxc4 24. Bg3 cxb3 25. cxb3 Qa5 26. Qd3 Rd8 27.
Qe3 Nxc3 28. Bh4 Rc8 29. Rc1 Qa2# 0-1

[Event "Titled Tue 10th Jun Late"]
[Site "chess.com INT"]
[Date "2025.06.10"]
[Round "8"]
[White "Shearsby, Jude"]
[Black "Olund, Joar"]
[Result "1/2-1/2"]
[WhiteTitle "CM"]
[BlackTitle "FM"]
[WhiteElo "2160"]
[BlackElo "2369"]
[WhiteFideId "462527"]
[BlackFideId "1714848"]
[EventDate "2025.06.10"]

1. d3 d5 2. Nf3 Nc6 3. g3 e5 4. Bg2 Nf6 5. O-O Be7 6. Nbd2 O-O 7. e4 a5 8. Re1
d4 9. Nc4 Nd7 10. a4 f6 11. c3 Nb6 12. Nxb6 cxb6 13. Nh4 Be6 14. Nf5 Qd7 15. f4
Kh8 16. Nh4 Rad8 17. c4 exf4 18. gxf4 f5 19. Nxf5 Bxf5 20. exf5 Bh4 21. Re4 Qxf5
22. Qf3 Rde8 23. Bd2 Rxe4 24. Qxe4 Qc5 25. Rf1 h6 26. f5 Bf6 27. Qd5 Qe7 28. Qe6
Qc7 29. Bf4 Qd8 30. Bxc6 bxc6 31. Qxc6 Re8 32. Qd5 Qe7 33. Rf2 Qe1+ 34. Kg2 Bh4
35. Bg3 Bf6 36. Qc6 Qe3 37. Rf3 Qd2+ 38. Rf2 Re2 39. Qa8+ Kh7 40. Qf3 Rxf2+ 41.
Bxf2 Qxb2 42. Qg4 Kg8 43. Qe4 Qb4 44. Qe8+ Kh7 45. Qg6+ Kg8 46. Qe8+ Kh7 47.
Qg6+ Kg8 48. Qe8+ 1/2-1/2

[Event "Titled Tue 10th Jun Late"]
[Site "chess.com INT"]
[Date "2025.06.10"]
[Round "8"]
[White "Zlatin, Alexander"]
[Black "Urbina Quiroz, Edwin"]
[Result "1-0"]
[WhiteTitle "FM"]
[WhiteElo "2313"]
[BlackElo "2041"]
[WhiteFideId "2810549"]
[BlackFideId "6500650"]
[EventDate "2025.06.10"]

1. e4 e5 2. Nf3 Nc6 3. Bc4 Nf6 4. Qe2 Be7 5. c3 O-O 6. b4 a6 7. d3 d5 8. Bb3 Bg4
9. h3 Bxf3 10. Qxf3 d4 11. Bb2 dxc3 12. Bxc3 Bxb4 13. O-O Bxc3 14. Nxc3 Nd4 15.
Qe3 Nh5 16. g3 c6 17. Bd1 Qa5 18. Rc1 Nf6 19. f4 Rad8 20. fxe5 Qxe5 21. Ne2
Nxe2+ 22. Bxe2 Qd4 23. Qxd4 Rxd4 24. Rb1 b5 25. Rbc1 Rc8 26. Rf5 Kf8 27. Rfc5
Ke7 28. Rxc6 Rxc6 29. Rxc6 Rd6 30. Rc7+ Rd7 31. Rc6 Rd6 32. Rc8 Rd8 33. Rc1 Rd7
34. Kf2 Rb7 35. Ke3 Nd7 36. d4 Nb6 37. e5 Nd5+ 38. Ke4 Nb6 39. d5 Rd7 40. d6+
Kd8 41. Bg4 1-0

[Event "Titled Tue 10th Jun Late"]
[Site "chess.com INT"]
[Date "2025.06.10"]
[Round "8"]
[White "Rajaram, Rohan"]
[Black "Huston, Gus"]
[Result "0-1"]
[WhiteTitle "CM"]
[BlackTitle "IM"]
[WhiteElo "2164"]
[BlackElo "2315"]
[WhiteFideId "30940729"]
[BlackFideId "30909090"]
[EventDate "2025.06.10"]

1. c4 e5 2. Nc3 Bb4 3. d3 Nf6 4. Nf3 Nc6 5. e3 d5 6. cxd5 Nxd5 7. Qb3 Be6 8. Qc2
Qf6 9. Bd2 O-O-O 10. Be2 g5 11. O-O g4 12. Ne4 gxf3 13. Nxf6 fxe2 14. Rfe1 Nxf6
15. Rxe2 Rhg8 16. f3 Bf5 17. Bxb4 Bxd3 18. Qb3 Bxe2 19. Qxf7 Rg6 20. Kf2 Nxb4
21. Kxe2 Rxg2+ 22. Kf1 Rg6 23. Rc1 Nc6 24. b4 Nd5 25. b5 Nce7 26. Qxh7 Nxe3+ 27.
Kf2 N3f5 28. Re1 Rdg8 29. Rxe5 Rh6 30. Qf7 Rxh2+ 31. Kf1 Rd8 32. Kg1 Rb2 33.
Qe6+ Kb8 34. Re1 b6 35. Qe5 Rg8+ 0-1

[Event "Titled Tue 10th Jun Late"]
[Site "chess.com INT"]
[Date "2025.06.10"]
[Round "8"]
[White "Makridis, Dimitrios"]
[Black "Deveci, Huseyin Said"]
[Result "1-0"]
[WhiteTitle "FM"]
[BlackTitle "CM"]
[WhiteElo "2283"]
[BlackElo "2212"]
[WhiteFideId "25864475"]
[BlackFideId "26322455"]
[EventDate "2025.06.10"]

1. e4 e5 2. Nf3 Nc6 3. d4 exd4 4. Nxd4 Nf6 5. Nxc6 bxc6 6. e5 Qe7 7. Qe2 Nd5 8.
c4 Ba6 9. Nd2 Nb4 10. Nf3 d5 11. a3 Bxc4 12. Qd1 Bxf1 13. Kxf1 Na6 14. Qc2 Qc5
15. Qd1 Be7 16. g3 O-O 17. Kg2 Qc4 18. Bf4 Nc5 19. Rc1 Qa2 20. Rc2 Ne6 21. Qd3
Nc5 22. Qe3 Ne6 23. Rhc1 d4 24. Nxd4 Qd5+ 25. Nf3 g5 26. Rd2 gxf4 27. gxf4 Qb5
28. f5 Bc5 29. Qh6 Rfe8 30. Kh1 Bf8 31. Rg1+ Kh8 32. Qh5 Nf4 33. Qxf7 Bg7 34.
Qxg7# 1-0

[Event "Titled Tue 10th Jun Late"]
[Site "chess.com INT"]
[Date "2025.06.10"]
[Round "8"]
[White "Hungaski, Robert"]
[Black "Bukreev, Stanislav"]
[Result "0-1"]
[WhiteTitle "GM"]
[BlackTitle "FM"]
[WhiteElo "2477"]
[BlackElo "2305"]
[WhiteFideId "2021030"]
[BlackFideId "34252347"]
[EventDate "2025.06.10"]

1. h3 d5 2. e3 Nf6 3. Nf3 c5 4. Bb5+ Nbd7 5. b3 a6 6. Bxd7+ Qxd7 7. Bb2 e6 8.
O-O b5 9. Ne5 Qc7 10. f4 Bb7 11. d3 Be7 12. Nd2 O-O 13. g4 Nd7 14. g5 Nxe5 15.
Bxe5 Qc6 16. Qg4 Kh8 17. Nf3 d4 18. e4 f6 19. Qh5 g6 20. gxf6 Bxf6 21. Bxf6+
Rxf6 22. Qe5 Rf8 23. Nh2 h5 24. Nf3 Kg8 25. Ng5 Kg7 26. Rf2 Kh6 27. Raf1 a5 28.
h4 a4 29. Rg2 a3 30. Rf3 c4 31. Nh3 cxb3 32. cxb3 R8f7 33. Kh2 b4 34. Qg5+ Kg7
35. f5 exf5 36. e5 Qxf3 37. exf6+ Rxf6 38. Nf4 Kf7 39. Nxg6 Qxg2+ 40. Qxg2 Bxg2
41. Ne5+ Ke6 0-1

[Event "Titled Tue 10th Jun Late"]
[Site "chess.com INT"]
[Date "2025.06.10"]
[Round "8"]
[White "Melian, Juan Sebastian"]
[Black "Salinas Herrera, Pablo"]
[Result "0-1"]
[WhiteTitle "FM"]
[BlackTitle "GM"]
[WhiteElo "2358"]
[BlackElo "2447"]
[WhiteFideId "3706575"]
[BlackFideId "3407128"]
[EventDate "2025.06.10"]

1. e4 c5 2. Nf3 d6 3. Bb5+ Nd7 4. O-O Nf6 5. Re1 a6 6. Bf1 e6 7. c3 Be7 8. d4
O-O 9. e5 Ne8 10. exd6 Nxd6 11. Bf4 Nf5 12. dxc5 Nxc5 13. Qc2 Bd7 14. Ne5 Be8
15. Nd2 Rc8 16. Rad1 Qa5 17. Nec4 Qa4 18. b3 Qc6 19. Ne5 Qb6 20. Ndc4 Qa7 21.
Ne3 Nxe3 22. Bxe3 Qb8 23. Bf4 Qa8 24. Nc4 Rc6 25. Be2 b5 26. Ne5 Rc8 27. Bf3 Qa7
28. Be3 Qc7 29. Bf4 Qb6 30. c4 f6 31. Nd3 Bg6 32. Be2 bxc4 33. bxc4 Qc6 34. Qc3
Nxd3 35. Bxd3 Bxd3 36. Qxd3 e5 37. Rc1 Bb4 0-1

[Event "Titled Tue 10th Jun Late"]
[Site "chess.com INT"]
[Date "2025.06.10"]
[Round "8"]
[White "Tekeyev, Zaur"]
[Black "Hadzovic, Amir"]
[Result "1-0"]
[WhiteTitle "IM"]
[BlackTitle "FM"]
[WhiteElo "2407"]
[BlackElo "2354"]
[WhiteFideId "4199731"]
[BlackFideId "14402300"]
[EventDate "2025.06.10"]

1. e4 e5 2. Nf3 Nc6 3. Nc3 g6 4. d4 exd4 5. Nxd4 Bg7 6. Be3 Nge7 7. Qd2 O-O 8.
h4 d5 9. Nxc6 bxc6 10. Bc5 Re8 11. h5 Rb8 12. O-O-O Be6 13. hxg6 fxg6 14. Bd4
dxe4 15. Nxe4 Qxd4 16. Qxd4 Bxd4 17. Rxd4 Rf8 18. Ng5 Bd5 19. Rxh7 Rxf2 20. Bc4
Bxc4 21. Rxc4 Rf1+ 22. Kd2 Rd8+ 23. Kc3 Nd5+ 24. Kb3 Rb8+ 25. Ka3 Rf5 26. Rch4
Rb6 27. Ne6 Nf6 28. Rg7# 1-0

[Event "Titled Tue 10th Jun Late"]
[Site "chess.com INT"]
[Date "2025.06.10"]
[Round "8"]
[White "Demchenko, Svitlana"]
[Black "Thiel, Thomas"]
[Result "0-1"]
[WhiteTitle "WIM"]
[BlackTitle "FM"]
[WhiteElo "2135"]
[BlackElo "2170"]
[WhiteFideId "14149893"]
[BlackFideId "4615964"]
[EventDate "2025.06.10"]

1. e4 d5 2. exd5 Nf6 3. d4 Nxd5 4. c4 Nb6 5. Nc3 e5 6. d5 c6 7. Nf3 cxd5 8. cxd5
Bb4 9. Bb5+ Bd7 10. Qe2 O-O 11. Bc4 Bxc3+ 12. bxc3 Nxc4 13. Qxc4 Re8 14. O-O Na6
15. Ba3 Rc8 16. Qb3 b6 17. Rfe1 Nc5 18. Bxc5 Rxc5 19. Rxe5 Bb5 20. Rae1 Rxe5 21.
Rxe5 f6 22. Re1 Qxd5 23. Qxd5+ Rxd5 24. Nd4 Bc4 25. Re7 a5 26. a3 b5 27. Rb7 a4
28. f4 h5 29. Kf2 Kh7 30. Ke3 Kg6 31. h3 Rd8 32. g4 hxg4 33. hxg4 Rd5 34. f5+
Kh6 35. Ne6 Re5+ 36. Kf4 Bxe6 37. fxe6 Rxe6 38. Rxb5 Rc6 39. Rh5+ Kg6 40. Ra5
Rc4+ 0-1

[Event "Titled Tue 10th Jun Late"]
[Site "chess.com INT"]
[Date "2025.06.10"]
[Round "8"]
[White "Yushko, Olga"]
[Black "Sabatier, Mathis"]
[Result "0-1"]
[WhiteTitle "WFM"]
[BlackTitle "CM"]
[WhiteElo "2033"]
[BlackElo "2235"]
[WhiteFideId "14114500"]
[BlackFideId "26029685"]
[EventDate "2025.06.10"]

1. d4 d5 2. c4 dxc4 3. e3 e5 4. Bxc4 exd4 5. exd4 Bd6 6. Nf3 Nf6 7. O-O O-O 8.
Nc3 Nc6 9. Re1 h6 10. a3 Bg4 11. Be3 Re8 12. b4 Ne7 13. Qb3 Rf8 14. Ne5 Bh5 15.
Nb5 Nf5 16. Nxd6 cxd6 17. Nd3 d5 18. Bb5 a6 19. Ba4 b5 20. Nf4 bxa4 21. Qxa4
Nxe3 22. Rxe3 Qd6 23. Nd3 Rac8 24. Ne5 Ng4 25. Ree1 Nxe5 26. Rxe5 Bg6 27. Qb3
Rc4 28. Rae1 Rxd4 29. h3 Re4 30. R5xe4 dxe4 31. Qc4 Qe6 32. Qd4 Rc8 33. a4 Kh7
34. b5 axb5 35. axb5 Rb8 36. Rc1 Rxb5 37. Qd8 e3 38. Rc8 exf2+ 39. Kxf2 Rb2+ 40.
Kg1 Qe1+ 41. Kh2 Qe5+ 42. Kg1 Rb1+ 43. Kf2 Qf4+ 44. Ke2 Bh5+ 45. g4 Bxg4+ 46.
hxg4 Qxg4+ 47. Kd2 Rd1+ 0-1

[Event "Titled Tue 10th Jun Late"]
[Site "chess.com INT"]
[Date "2025.06.10"]
[Round "8"]
[White "Amarasinghe, A A C B"]
[Black "Anandh, Vijay Srinivas"]
[Result "1-0"]
[WhiteTitle "CM"]
[WhiteElo "1922"]
[BlackElo "2011"]
[WhiteFideId "9901809"]
[BlackFideId "30975794"]
[EventDate "2025.06.10"]

1. d4 Nf6 2. c4 e6 3. g3 d5 4. Bg2 dxc4 5. Nf3 Nc6 6. O-O a6 7. e3 Rb8 8. Qe2 b5
9. b3 cxb3 10. axb3 Be7 11. Bb2 O-O 12. Nbd2 Bb7 13. Rfc1 Nb4 14. e4 h6 15. Ne5
Nd7 16. Nxd7 Qxd7 17. d5 exd5 18. e5 c5 19. Nf3 d4 20. Nh4 Bxg2 21. Nxg2 d3 22.
Qh5 Nc2 23. Rxa6 Nd4 24. Nf4 Bg5 25. Nxd3 Bxc1 26. Bxc1 Ne6 27. Nf4 Rbd8 28. Rd6
Qe7 29. Nd5 Qe8 30. Bxh6 f6 31. Qg4 f5 32. Qh4 Rxd6 33. exd6 gxh6 34. Qxh6 Ng7
35. Ne7+ Kf7 36. Qg6# 1-0

[Event "Titled Tue 10th Jun Late"]
[Site "chess.com INT"]
[Date "2025.06.10"]
[Round "8"]
[White "Labussiere, Victor"]
[Black "Hartge, Gedeon"]
[Result "0-1"]
[WhiteTitle "FM"]
[BlackTitle "FM"]
[WhiteElo "2312"]
[BlackElo "2328"]
[WhiteFideId "2183129"]
[BlackFideId "12932116"]
[EventDate "2025.06.10"]

1. e4 Nf6 2. Nc3 d5 3. e5 d4 4. exf6 dxc3 5. bxc3 exf6 6. Nf3 Bd6 7. Be2 O-O 8.
O-O Re8 9. d3 c5 10. Nd2 Nc6 11. Ne4 Bf8 12. Rb1 f5 13. Nd2 g6 14. Bf3 Qc7 15.
Nc4 Be6 16. Ne3 Rad8 17. c4 b6 18. Bb2 Bg7 19. Bxg7 Kxg7 20. Qc1 Nd4 21. Qd1 f4
22. Nd5 Bxd5 23. Bxd5 Re5 24. c3 Nf5 25. Qc2 Rde8 26. Be4 Nh4 27. g3 Rg5 28. Kh1
Nf5 29. Rbe1 fxg3 30. fxg3 Nxg3+ 31. hxg3 Qxg3 32. Re2 Qh3+ 0-1

[Event "Titled Tue 10th Jun Late"]
[Site "chess.com INT"]
[Date "2025.06.10"]
[Round "8"]
[White "Sakhayi, Mostafa"]
[Black "Wu, Derek"]
[Result "1/2-1/2"]
[WhiteTitle "CM"]
[BlackTitle "FM"]
[WhiteElo "2166"]
[BlackElo "2232"]
[WhiteFideId "12512532"]
[BlackFideId "30914558"]
[EventDate "2025.06.10"]

1. d4 Nf6 2. c4 e6 3. Nc3 d5 4. cxd5 Nxd5 5. e4 Nxc3 6. bxc3 c5 7. Nf3 cxd4 8.
cxd4 Bb4+ 9. Bd2 Bxd2+ 10. Qxd2 O-O 11. Bc4 b6 12. d5 Ba6 13. Bxa6 Nxa6 14. dxe6
fxe6 15. Qe3 Nc5 16. O-O Qf6 17. Rad1 Rad8 18. Nd4 Qf4 19. Qxf4 Rxf4 20. f3 Nxe4
21. Nxe6 Rxd1 22. Rxd1 Rf6 23. Nxg7 Nc3 24. Rd7 Rf7 25. Rxf7 Kxf7 26. Nf5 Nxa2
27. Nd6+ Ke6 28. Nc8 a5 29. Nxb6 Nc3 30. Kf2 a4 31. Nxa4 Nxa4 32. g4 Nc3 33. f4
Kd5 34. Kf3 Ne4 35. g5 Nd6 36. h4 Ke6 37. Kg4 Nf5 38. h5 Nd4 39. h6 Nf5 40. g6
Nxh6+ 41. Kg5 hxg6 42. Kxh6 Kf5 43. Kg7 Kxf4 44. Kxg6 1/2-1/2

[Event "Titled Tue 10th Jun Late"]
[Site "chess.com INT"]
[Date "2025.06.10"]
[Round "8"]
[White "Le, Tuan Minh"]
[Black "Srihari, L R"]
[Result "0-1"]
[WhiteTitle "GM"]
[BlackTitle "IM"]
[WhiteElo "2598"]
[BlackElo "2480"]
[WhiteFideId "12401153"]
[BlackFideId "46617116"]
[EventDate "2025.06.10"]

1. d4 d5 2. Nf3 c5 3. c3 Nf6 4. Bf4 Nc6 5. e3 e6 6. Nbd2 Bd6 7. Bg3 O-O 8. Bb5
Ne7 9. Bd3 c4 10. Bc2 b5 11. e4 dxe4 12. Nxe4 Nxe4 13. Bxe4 Rb8 14. Bxh7+ Kxh7
15. Ng5+ Kg6 16. h4 Bxg3 17. fxg3 f5 18. Qe2 Qd6 19. O-O-O Qxg3 20. Rh3 Qg4 21.
Qe5 Rb6 22. Rg3 Nc6 23. Qe1 Qf4+ 24. Kb1 Kh6 25. Nxe6 Bxe6 26. Qxe6+ Rf6 27. Qe1
Qe4+ 28. Qxe4 fxe4 29. Rg5 Ne7 30. g4 Kh7 31. Re1 Rbe6 32. Rxb5 e3 33. Kc1 Ng6
34. g5 Rf2 35. Kd1 Nf4 36. Re5 Rd2+ 37. Kc1 Nd3+ 0-1

[Event "Titled Tue 10th Jun Late"]
[Site "chess.com INT"]
[Date "2025.06.10"]
[Round "8"]
[White "Durarbayli, Vasif"]
[Black "Aradhya, Garg"]
[Result "0-1"]
[WhiteTitle "GM"]
[BlackTitle "IM"]
[WhiteElo "2612"]
[BlackElo "2370"]
[WhiteFideId "13402935"]
[BlackFideId "25006746"]
[EventDate "2025.06.10"]

1. e4 e5 2. Nf3 Nc6 3. Bb5 a6 4. Ba4 Nf6 5. d3 Bc5 6. c3 b5 7. Bc2 d6 8. Bg5 h6
9. Bh4 g5 10. Bg3 Bg4 11. b4 Bb6 12. a4 Ne7 13. h4 gxh4 14. Bxh4 Ng6 15. Bg3 h5
16. Nbd2 h4 17. Bh2 Nh5 18. Qe2 Nhf4 19. Bxf4 Nxf4 20. Qf1 h3 21. g3 Ng2+ 22.
Kd1 Qf6 23. Qe2 Ke7 24. Kc1 a5 25. d4 axb4 26. dxe5 dxe5 27. Qxb5 Bxf3 28. Nxf3
Qxf3 29. Qxe5+ Kd7 30. Rd1+ Kc8 31. Qxh8+ Kb7 32. Qe5 Qxf2 33. Qd5+ Ka7 34. a5
Be3+ 35. Kb1 Rb8 36. c4 b3 37. Bd3 Bd4 38. Be2 Bxa1 39. Qc6 Be5 0-1

[Event "Titled Tue 10th Jun Late"]
[Site "chess.com INT"]
[Date "2025.06.10"]
[Round "8"]
[White "Woodward, Andy"]
[Black "Szpar, Milosz"]
[Result "1-0"]
[WhiteTitle "GM"]
[BlackTitle "IM"]
[WhiteElo "2567"]
[BlackElo "2495"]
[WhiteFideId "30953499"]
[BlackFideId "1184989"]
[EventDate "2025.06.10"]

1. b4 e5 2. Bb2 Bxb4 3. Bxe5 Nf6 4. e3 Nc6 5. Bb2 d5 6. Nf3 O-O 7. h3 Re8 8. Bd3
Bd6 9. O-O Nb4 10. Be2 Bf5 11. Nd4 Bg6 12. a3 Nc6 13. Bf3 Ne5 14. Be2 c6 15. d3
Ned7 16. Nd2 Rc8 17. a4 Bb8 18. N4f3 Qc7 19. Re1 Rcd8 20. Bf1 Qd6 21. a5 Bh5 22.
g3 g5 23. Bg2 g4 24. hxg4 Nxg4 25. Nf1 Ndf6 26. Qd2 Qf8 27. Nh4 Qh6 28. Qb4 Qg5
29. f4 Qh6 30. Qxb7 Bg6 31. Qxc6 Nh5 32. Nf3 Re6 33. Qc3 d4 34. Nxd4 Rf6 35. Qc5
Nxg3 36. Qg5 Nxf1 37. Qxh6 Nxh6 38. Rxf1 Re8 39. Nc6 Rxc6 40. Bxc6 Rxe3 41. Rae1
Rg3+ 42. Kf2 Bxf4 43. Re8# 1-0

[Event "Titled Tue 10th Jun Late"]
[Site "chess.com INT"]
[Date "2025.06.10"]
[Round "8"]
[White "Sharankov, Grigory"]
[Black "Vifleemskaia, Svetlana"]
[Result "0-1"]
[WhiteTitle "CM"]
[BlackTitle "WFM"]
[WhiteElo "2238"]
[BlackElo "1942"]
[WhiteFideId "4168356"]
[BlackFideId "4129490"]
[EventDate "2025.06.10"]

1. e4 e5 2. Nf3 Nc6 3. Bb5 a6 4. Ba4 Nf6 5. O-O Be7 6. d3 b5 7. Bb3 d6 8. a4 Rb8
9. Nc3 Na5 10. Ba2 b4 11. Nd5 Bg4 12. h3 Bh5 13. g4 Bg6 14. Nxe7 Qxe7 15. Bg5 h6
16. Bh4 c5 17. Bd5 Qd7 18. Bxf6 gxf6 19. Nd2 h5 20. Kg2 hxg4 21. hxg4 Ke7 22. f3
Rbg8 23. Rh1 f5 24. Rxh8 Rxh8 25. exf5 Bxf5 26. gxf5 Qxf5 27. Nf1 Qg5+ 28. Ng3
f5 29. Qe1 f4 30. Qf2 Rh7 31. Rh1 Rg7 32. Kf1 fxg3 33. Qg2 Qc1+ 34. Ke2 Qxc2+ 0-1

[Event "Titled Tue 10th Jun Late"]
[Site "chess.com INT"]
[Date "2025.06.10"]
[Round "8"]
[White "Sliwicka, Alicja"]
[Black "Kosteniuk, Alexandra"]
[Result "1-0"]
[WhiteTitle "WGM"]
[BlackTitle "GM"]
[WhiteElo "2299"]
[BlackElo "2474"]
[WhiteFideId "1150677"]
[BlackFideId "4128125"]
[EventDate "2025.06.10"]

1. e4 c6 2. d4 d5 3. e5 c5 4. Nf3 Nc6 5. dxc5 Bg4 6. c3 e6 7. Be3 Bxf3 8. Qxf3
a6 9. b4 Nxe5 10. Qg3 Ng6 11. h4 N8e7 12. h5 Nf5 13. Qh3 Ne5 14. Bf4 Nc6 15. g4
Nfe7 16. Bd6 h6 17. Bd3 Nc8 18. Bxf8 Kxf8 19. f4 Qf6 20. a3 Qxf4 21. Rf1 Qc1+
22. Ke2 Qb2+ 23. Nd2 Qxc3 24. Rxf7+ Ke8 25. Raf1 Qe5+ 26. Kd1 N8e7 27. Re1 Qa1+
28. Ke2 Qxe1+ 29. Kxe1 Kxf7 30. Qe3 Rhe8 31. Nf3 e5 32. Bh7 Ke6 33. g5 Rh8 34.
gxh6 Kd7 35. Nxe5+ Nxe5 36. Qxe5 Rxh7 37. hxg7 Rg8 38. Qd6+ Ke8 39. h6 Kf7 40.
Kd2 Re8 41. a4 Kg8 42. Qe6# 1-0

[Event "Titled Tue 10th Jun Late"]
[Site "chess.com INT"]
[Date "2025.06.10"]
[Round "8"]
[White "Erigaisi, Arjun"]
[Black "Deac, Bogdan-Daniel"]
[Result "1/2-1/2"]
[WhiteTitle "GM"]
[BlackTitle "GM"]
[WhiteElo "2782"]
[BlackElo "2674"]
[WhiteFideId "35009192"]
[BlackFideId "1226380"]
[EventDate "2025.06.10"]

1. Nf3 d5 2. c4 e6 3. e3 Nf6 4. b3 Bd6 5. Bb2 O-O 6. d4 b6 7. Bd3 Bb7 8. O-O
dxc4 9. bxc4 c5 10. Nc3 cxd4 11. exd4 Nbd7 12. Qe2 Re8 13. a4 e5 14. Nb5 exd4
15. Qc2 Be5 16. Nbxd4 Bxf3 17. Nxf3 Bxb2 18. Qxb2 Nc5 19. Bc2 Qc7 20. Rfd1 Rad8
21. Nd4 Qe5 22. Qc3 Nce4 23. Bxe4 Nxe4 24. Qe3 Qd6 25. h3 h6 26. Qf3 Qf6 27.
Qxf6 Nxf6 28. Nb5 a6 29. Nc7 Rxd1+ 30. Rxd1 Rc8 31. Nxa6 Rxc4 32. Rd6 Rxa4 33.
Rxb6 Ne4 34. f3 Ng3 35. Nc5 Ra2 36. Nd7 f6 37. Rb8+ Kf7 38. Rb7 Kg8 39. Rb8+ Kf7
40. Rb7 Ne2+ 41. Kf1 Ng3+ 42. Kg1 1/2-1/2

[Event "Titled Tue 10th Jun Late"]
[Site "chess.com INT"]
[Date "2025.06.10"]
[Round "8"]
[White "Miserendino, Alfredo"]
[Black "Lazaro Azcutia, Miguel"]
[Result "1-0"]
[BlackTitle "CM"]
[WhiteElo "2032"]
[BlackElo "2275"]
[WhiteFideId "101800"]
[BlackFideId "54538254"]
[EventDate "2025.06.10"]

1. e4 e5 2. Nf3 Nc6 3. Bb5 a6 4. Ba4 Nf6 5. O-O b5 6. Bb3 Bc5 7. Re1 d6 8. c3
Bb6 9. h3 O-O 10. d4 h6 11. a4 Bb7 12. axb5 axb5 13. Rxa8 Qxa8 14. Na3 exd4 15.
cxd4 Na5 16. Bc2 Bxe4 17. Nxb5 Bxc2 18. Qxc2 Qc6 19. Qxc6 Nxc6 20. Be3 Nb4 21.
Rc1 Nbd5 22. Rc6 Ne7 23. Rc4 Nfd5 24. Ra4 Rb8 25. Nc3 Kf8 26. Nxd5 Nxd5 27. Nd2
Ke7 28. Nc4 Kd7 29. g3 Kc6 30. b3 Kb7 31. Ra1 Ra8 32. Rc1 Ra2 33. h4 h5 34. Re1
Ba5 35. Rc1 Bb4 36. Bg5 f6 37. Be3 Bc3 38. Rd1 Ra1 39. Rxa1 Bxa1 40. Kf1 Kc8 41.
Ke2 Kd7 42. Kd3 Ke6 43. Nd2 Bc3 44. Ne4 Ba5 45. f3 Bb6 46. Bf2 c6 47. Nd2 Ke7
48. Nc4 Bc7 49. g4 g6 50. gxh5 1-0

[Event "Titled Tue 10th Jun Late"]
[Site "chess.com INT"]
[Date "2025.06.10"]
[Round "8"]
[White "Materia, Marco"]
[Black "Vlassov, Nikolai"]
[Result "1-0"]
[WhiteTitle "IM"]
[BlackTitle "IM"]
[WhiteElo "2489"]
[BlackElo "2291"]
[WhiteFideId "45150451"]
[BlackFideId "4103360"]
[EventDate "2025.06.10"]

1. Nf3 f5 2. c4 Nf6 3. b3 d6 4. d4 g6 5. g3 Bg7 6. Bg2 O-O 7. O-O Qe8 8. Bb2 Nc6
9. d5 Nd8 10. Nc3 c6 11. dxc6 bxc6 12. b4 Rb8 13. a3 Nf7 14. Qb3 e5 15. e4 fxe4
16. Nd2 d5 17. cxd5 cxd5 18. Nxd5 Nxd5 19. Qxd5 Bb7 20. Qb3 e3 21. Qxe3 Bxg2 22.
Kxg2 Bh6 23. Qe2 Qc6+ 24. Ne4 a5 25. Rae1 axb4 26. axb4 Rfc8 27. Ba3 Qa4 28. Qf3
Bf8 29. Nf6+ Kg7 30. Nd5 Rc6 31. Bb2 Bd6 32. Qf6+ Kg8 33. Re3 Bxb4 34. Qf3 Bc5
35. Bxe5 Bxe3 36. Bxb8 Bd4 37. Ne7+ Kg7 38. Nxc6 Bf6 39. Bf4 g5 40. Be3 g4 41.
Qd5 Qa6 42. Nd4 Ne5 43. Nf5+ Kg6 44. Nd6 Nf3 45. Qf7# 1-0